000 00600nam a2200193Ia 4500
008 151121s9999||||xx |||||||||||||| ||und||
082 _a811/माडगू
082 _bHNW-33170
100 _aमाडगूळकर ग।दि।
245 _aचैत्रबन
260 _b"देशमुख आणि कंपनी, पुणे।"
260 _c--
300 _a336
600 _aमाडगूळकर ग।दि।
630 _aचैत्रबन
700 _aमाडगूळकर ग।दि।
730 _aचैत्रबन
942 _cBOOK
999 _c1226458
_d1226455